Advanced Internet Programming (Record no. 308497)

MARC details
000 -LEADER
fixed length control field 00423nam a2200157Ia 4500
008 - FIXED-LENGTH DATA ELEMENTS--GENERAL INFORMATION
fixed length control field 230718s9999 xx 000 0 und d
041 ## - LANGUAGE CODE
Language code of text/sound track or separate title eng
082 ## - DEWEY DECIMAL CLASSIFICATION NUMBER
Classification number 005.678
Item number DUN
100 ## - MAIN ENTRY--PERSONAL NAME
Personal name Dunaev S.
245 ## - TITLE STATEMENT
Title Advanced Internet Programming
Remainder of title Technologies And Applications
260 ## - PUBLICATION, DISTRIBUTION, ETC. (IMPRINT)
Date of publication, distribution, etc. 2003
Name of publisher, distributor, etc. Eswar Press
300 ## - PHYSICAL DESCRIPTION
Extent 406
365 ## - TRADE PRICE
Currency code Rs.
Price amount 295.00
700 ## - ADDED ENTRY--PERSONAL NAME
Personal name Dunaev S.
906 ## - LOCAL DATA ELEMENT F, LDF (RLIN)
d B:464/5/8/0413-Oct-2005
c COMP
b 59
Holdings
Withdrawn status Lost status Damaged status Not for loan Home library Current library Date acquired Vendor Budget Code Cost, normal purchase price Bill number Total Checkouts Full call number Barcode Date last seen Discount Cost, replacement price Bill Date Koha item type Original Barcode
        Cummins College of Engineering for Women Pune Cummins College of Engineering for Women Pune 27/08/2004 Computer Hut COMP 236.00 464/5/8/04   005.678 CCEP-BK-19704 18/07/2023 59 295.00 13/10/2005 Books 019704